Szczegóły MARC21

Exkursionsführer : Erdgeschichte des Nordsee- und Ostseeraumes /

005 -DATA I CZAS OSTATNIEJ MODYFIKACJI [,]
    • @
    • pole kontrolne
    • 20080116123712.0
040 -Instytucja sporządzająca opis [ , ]
    • d
    • Instytucja, która zmodyfikowała rekord (P)
    • SZCZ U/OG
041 -Język dokumentu [0, ]
    • a
    • Język tekstu (P)
    • niemiecki
044 -Kraj miejsca wydania [ , ]
    • a
    • Kraj miejsca wydania
    • Niemcy
942 -Rodzaj dokumentu [ , ]
    • c
    • Rodzaj dokumentu
    • Książka
245 -Strefa tytułu i oznaczenia odpowiedzialności [0,0]
    • a
    • Tytuł
    • Exkursionsführer : Find
    • b
    • Ciąg dalszy tytułu (NP)
    • Erdgeschichte des Nordsee- und Ostseeraumes / Find
    • c
    • Pozostałe elementy strefy tytułu i oznaczenia odpowiedzialności (NP)
    • Egon T. Degens, Gero Hillmer, Christian Spaeth.
260 -Strefa adresu wydawniczego [ , ]
    • a
    • Miejsce wydania (P)
    • Hamburg :
    • b
    • Nazwa wydawcy (P)
    • Geologisch-Paläontologisches und Museums Institut der Universität Hamburg,
    • c
    • Data wydania (P)
    • 1984.
300 -Strefa opisu fizycznego [ , ]
    • a
    • Określenie formy książki i/lub objętość (NP)
    • XV, 575 s. :
    • b
    • Oznaczenie ilustracji (NP)
    • fot., rys. ;
    • c
    • Format (NP)
    • 25 cm.
490 -Strefa serii i książki wielotomowej - forma nie do wyszukiwania [1, ]
    • a
    • Tytuł (P)
    • Geologisch-Paläontologisches Institut und Museum / Universität Hamburg, Find
    • x
    • ISSN (NP)
    • 0072-1115
830 -Hasło dodatkowe serii i opisu książki wielotomowej - tytuł ujednolicony/tytuł [ ,0]
    • a
    • Tytuł ujednolicony/tytuł (NP)
    • Geologisch-Paläontologisches Institut und Museum - Universität Hamburg,
    • x
    • ISSN
    • 0072-1115
504 -Uwaga dot. bibliogr. załącznikowej [ , ]
    • a
    • Uwaga dot. bibliografii załącznikowej
    • Bibliogr.
080 -Uniwersalna Klasyfikacja Dziesiętna [ , ]
    • 2
    • Identyfikator wydania tablic
    • UDC-P058
    • a
    • Symbol klasyfikacji
    • 55
    • b
    • Dopowiedzenie
    • Geologia i nauki pokrewne. Meteorologia. Hydrologia.
    • x
    • Poddział wspólny
    • (261.24)
    • b
    • Dopowiedzenie
    • (Morze Bałtyckie. Bałtyk).
    • x
    • Poddział wspólny
    • (261.26)
    • b
    • Dopowiedzenie
    • (Morze Północne).
    • x
    • Poddział wspólny
    • (430)
    • b
    • Dopowiedzenie
    • (Niemcy. Republika Federalna od 1990).
    • x
    • Poddział wspólny
    • =112.2
    • b
    • Dopowiedzenie
    • =Język niemiecki (wysokoniemiecki, standardowy niemiecki).
980 -Symbol UKD [ , ]
    • a
    • UKD
    • 55(261.24:261.26:430)=112.2
700 -Hasło dodatkowe - nazwa osobowa [1, ]
    • a
    • Nazwa osobowa (NP)
    • Degens, Egon T. Find
    • e
    • Określenie rodzaju współpracy
    • Red.
700 -Hasło dodatkowe - nazwa osobowa [1, ]
    • a
    • Nazwa osobowa (NP)
    • Hillmer, Gero. Find
    • e
    • Określenie rodzaju współpracy
    • Red.
    • 9
    • KHW
    • 440254
700 -Hasło dodatkowe - nazwa osobowa [1, ]
    • a
    • Nazwa osobowa (NP)
    • Spaeth, Christian. Find
    • e
    • Określenie rodzaju współpracy
    • Red.
Numer inwentarzowy Status udost. Uwagi nie widoczne w OPAC Lokalizacja Data inwentaryzacji
Z.1098971sel.BG2007-12-18